| 000 | 00000nam##2200000za#4500 |
| 001 | 9.658329 |
| 003 | CaOODSP |
| 005 | 20200401063040 |
| 007 | ta |
| 008 | 150407|1996||||xxc||||| f|0| 0 eng|d |
| 020 | |a0-662-62274-X |
| 040 | |aCaOODSP|beng |
| 041 | |aeng |
| 041 | |afre |
| 043 | |an-cn--- |
| 086 | 1 |aR63-210/1996 |
| 110 | 1 |aCanada.|bCanadian Heritage. |bParks Canada. |
| 245 | 10|aFederal Heritage Building Review Office (FHBRO) code of practice / |cby Herb Stovel and Julian Smith, Heritage Conservation Program, Real Property Services. |
| 260 | |aOttawa - Ontario : |bCanadian Heritage. |c1996. |
| 300 | |aEnglish text, 49p. : |bfigs., illus. ; |c28 cm. |
| 500 | |aContents: Development of the code of practice.--Introduction to the code of practice.--Policy framework.--Management framework.--Heritage character.--Heritage conservation principles.--Intervention guidelines: Maintenance and repair; Use and occupancy; Additions and alterations; Accessibility; Health and safety; Energy management; Human comfort; Site and setting; realty management. |
| 546 | |aBilingual |
| 563 | |aSoftcover |
| 590 | |a96-19|b1996-05-10 |
| 690 | 07|aCultural heritage|2gcpds |
| 690 | 07|aPublic buildings|2gcpds |
| 720 | 1 |aStovel, Herb |
| 720 | 1 |aSmith, Julian |
| 776 | 0#|tCode de pratique du BEEFP / |w(CaOODSP)9.642283 |
| 776 | 0#|tFHBRO code of practice / |w(CaOODSP)9.698271 |
| 792 | |tBureau d'examen des édifices fédéraux du patrimoine (BEEFP): code de pratique du BEEFP / |efre|w(CaOODSP)9.658330 |